00570nam a2200181 a 45000010010000000030011000100080041000210350026000620820016000881000021001042450053001252600056001786500017002349420012002519520090002639980020003539990015003730000-9046ELIB.Books110520 1959  a(ELIB.Books)0000-9195 a225.7 bMar aMartin, Ralph P. aTyndale (The Epistle of Paul to the Philippians) bGrand Rapids: Wm. B. Eerdmans Publishing Co. c1959 aCommentaries 2ddccBK 00102ddc4070aKBTSbKBTSd2011-05-20l0p2823r2022-01-22 00:00:00w2022-01-22yBK cbate2011-05-20 c9046d9046